Lectures on involutive systems of partial differential equations /
Guardado en:
| Autor Principal: | |
|---|---|
| Formato: | Libro |
| Idioma: | English |
| Publicado: |
São Paulo :
Sociedade de matemática de São Paulo,
1967.
|
| Series: | Publicações da Sociedade de Matemática de São Paulo
|
| Materias: | |
| Etiquetas: |
Agregar Etiqueta
Sin Etiquetas, Sea el primero en etiquetar este registro!
|
| LEADER | 00823cam a2200229 a 4500 | ||
|---|---|---|---|
| 001 | MAT.inmabb005620 | ||
| 008 | 690620s1967####bl#######b####000#0#eng## | ||
| 005 | 20170428173444.0 | ||
| 245 | 1 | 0 | |a Lectures on involutive systems of partial differential equations / |c [by] M. Kuranishi. |
| 260 | |a São Paulo : |b Sociedade de matemática de São Paulo, |c 1967. | ||
| 300 | |a 75, [2] p. ; |c 27 cm. | ||
| 440 | 0 | |a Publicações da Sociedade de Matemática de São Paulo | |
| 504 | |a Bibliografía: p. [77] | ||
| 510 | 4 | |a MR, |c *REVIEW #* | |
| 100 | 1 | |a Kuranishi, Masatake, |d 1924- | |
| 650 | 0 | |a Geometry, Differential. | |
| 650 | 0 | |a Differential equations, Partial. | |
| 084 | |a *CODIGO* |2 MR | ||
| 010 | |a 79211466 | ||
| 040 | |a DLC |c DLC |d DLC | ||
| 859 | |h 35 |i K96 |p A-2286 |b BIB. MATEMATICA | ||
| 859 | |h 35 |i K96 |p A-4650 |t Ej. 2 |b BIB. MATEMATICA | ||
